[Event "2nd Kolkata GM Open 2015"]
[Site "Kolkata IND"]
[Date "2015.03.24"]
[Round "9.15"]
[White "Ankit, R. Rajpara"]
[Black "Gagare, Shardul"]
[Result "1/2-1/2"]
[WhiteTitle "GM"]
[BlackTitle "IM"]
[WhiteElo "2477"]
[BlackElo "2417"]
[WhiteFideId "5023335"]
[BlackFideId "5037883"]
[EventDate "2015.03.16"]

1. d4 Nf6 2. Nf3 d5 3. e3 c5 4. dxc5 Nc6 5. c3 g6 6. b4 Bg7 7. Bb2 O-O 8. a3 Ne4
9. Be2 a5 10. Qb3 e5 11. O-O Be6 12. c4 axb4 13. axb4 Rxa1 14. Bxa1 dxc4 15.
Bxc4 Nxc5 16. bxc5 Na5 17. Bxe6 Nxb3 18. Bxb3 Qa5 19. Bxe5 Bxe5 20. Nxe5 Qb4 21.
Bd5 Rd8 22. e4 Qxc5 23. Bxf7+ Kg7 24. Bd5 b5 25. Nd2 b4 26. Nef3 Qc3 27. h4 b3
28. Bxb3 Rxd2 29. Nxd2 Qxd2 30. Bd5 h6 31. g3 g5 32. hxg5 hxg5 33. Kg2 Kf6 34.
Rb1 Qd4 35. Rb7 Qd2 36. Rf7+ Kg6 37. Rd7 Qe2 38. Rd6+ Kg7 39. Re6 Qd3 40. Re5
Kg6 41. Rf5 Qd4 42. Rf3 Kg7 43. Re3 Kg6 44. Rf3 Kg7 45. Re3 Kg6 46. Be6 Kf6 47.
Bf5 Qd1 48. Rc3 Qd6 49. Rc8 Kg7 50. Re8 Kf7 51. Re6 Qd4 52. Rg6 Qd2 53. Rb6 Qe2
54. Rb3 Qd1 55. Rf3 Qd4 56. Kh3 Kf6 57. Kg2 Kg7 58. Re3 Kf6 59. Bg4 Kg6 60. Bf3
Qe5 61. g4 Kf6 62. Rd3 Qf4 63. Rd5 Ke6 64. Rf5 Qd2 65. Rb5 Qf4 66. Rb6+ Ke7 67.
Ra6 Qe5 68. Rc6 Kf7 69. Rc2 Ke6 70. Re2 Ke7 71. Re3 Ke6 72. Be2 Ke7 73. Kg1 Qa1+
74. Kg2 Qe5 75. Bd1 Qd6 76. Bf3 Qe5 77. Be2 Kd7 78. Bd3 Qf4 79. Be2 Qe5 80. Kg1
Qa1+ 81. Kh2 Qf6 82. Kg3 Qf4+ 83. Kg2 Qe5 84. Bf3 Ke6 85. Bd1 Ke7 86. Bf3 Ke6
87. Rd3 Qf4 88. Rd5 Ke7 89. Rf5 Qd2 90. Re5+ Kf6 91. Rd5 Qc1 92. Rd6+ Ke5 93.
Rd5+ Ke6 94. Rf5 Qd2 95. Rd5 Qf4 96. Rc5 Qd2 97. e5 Qb4 98. Rd5 Qc4 99. Ra5 Qb4
100. Rd5 Qc4 101. Rd8 Kxe5 102. Rf8 Qc1 103. Rf5+ Ke6 104. Bd5+ Ke7 105. Kg3
Qg1+ 106. Bg2 Qc1 107. Kh2 Qc7+ 108. Kg1 Qc1+ 109. Bf1 Ke6 110. Rf3 Qd1 111. Kg2
Qd5 112. Bd3 Ke7 113. Kg3 Qe5+ 114. Kh3 Qd5 115. Be4 Qd4 116. Re3 Kf6 117. Bf5
Qd2 118. Kg2 Qd5+ 119. Kh2 Qd6+ 120. Kg2 Qd5+ 121. Kh2 Qd6+ 122. Kg2 Qd5+ 1/2-1/2

[Event "2nd Kolkata GM Open 2015"]
[Site "Kolkata IND"]
[Date "2015.03.24"]
[Round "9.16"]
[White "Das, Arghyadip"]
[Black "Ravi, Teja S."]
[Result "1/2-1/2"]
[WhiteTitle "IM"]
[WhiteElo "2461"]
[BlackElo "2401"]
[WhiteFideId "5003610"]
[BlackFideId "5017220"]
[EventDate "2015.03.16"]

1. e4 c6 2. d4 d5 3. e5 Bf5 4. Nd2 e6 5. Nb3 Nd7 6. Nf3 Qc7 7. Be2 Ne7 8. O-O
Bg6 9. a4 Nc8 10. a5 Be7 11. c4 a6 12. Bd2 Na7 13. Rc1 Qd8 14. Ne1 Rc8 15. Nd3
dxc4 16. Rxc4 Bxd3 17. Bxd3 Nxe5 18. dxe5 Qxd3 19. Rg4 g6 20. Rd4 Qb5 21. Bh6
Qxe5 22. Qd2 Nb5 23. Re1 Qb8 24. Rd1 Qa8 25. Rd3 Qb8 26. Rd4 Qa8 27. Rd3 Qb8 28.
Rd4 Qa8 29. Rd3 Qb8 1/2-1/2

[Event "2nd Kolkata GM Open 2015"]
[Site "Kolkata IND"]
[Date "2015.03.24"]
[Round "9.17"]
[White "Narayanan, Srinath"]
[Black "Swathi, Ghate"]
[Result "1-0"]
[WhiteTitle "IM"]
[BlackTitle "WGM"]
[WhiteElo "2459"]
[BlackElo "2242"]
[WhiteFideId "5018420"]
[BlackFideId "5003474"]
[EventDate "2015.03.16"]

1. e4 c5 2. Nf3 e6 3. d4 cxd4 4. Nxd4 Nc6 5. Nc3 Qc7 6. Be3 a6 7. Qf3 Nf6 8.
O-O-O Ne5 9. Qg3 b5 10. f4 Neg4 11. Bg1 b4 12. Na4 h5 13. e5 Nd5 14. Kb1 Qa5 15.
b3 Bb7 16. Bc4 Nc3+ 17. Nxc3 bxc3 18. h3 Rc8 19. Qd3 Qa3 20. Qxc3 Bxg2 21. Qd3
Rc7 22. Nxe6 fxe6 23. Bb6 Bb4 24. Bxc7 O-O 25. hxg4 Be4 26. Qxd7 Bc3 27. Qxe6+
Kh8 28. Rxh5+ Bh7 29. Rxh7+ 1-0

[Event "2nd Kolkata GM Open 2015"]
[Site "Kolkata IND"]
[Date "2015.03.24"]
[Round "9.18"]
[White "Swapnil, S. Dhopade"]
[Black "Vignesh, NR"]
[Result "0-1"]
[WhiteTitle "IM"]
[WhiteElo "2450"]
[BlackElo "2365"]
[WhiteFideId "5019184"]
[BlackFideId "25012215"]
[EventDate "2015.03.16"]

1. d4 Nf6 2. c4 e6 3. Nf3 Bb4+ 4. Nbd2 d5 5. e3 O-O 6. a3 Be7 7. Bd3 c5 8. dxc5
a5 9. cxd5 Qxd5 10. Qe2 Rd8 11. Bc4 Qh5 12. Nf1 Qxc5 13. Ng3 e5 14. Ng5 Rf8 15.
O-O h6 16. N5e4 Nxe4 17. Nxe4 Qc6 18. Nc3 Be6 19. Bxe6 fxe6 20. e4 Nd7 21. Be3
Nc5 22. Qc4 Qa6 23. Nb5 Nxe4 24. Rac1 Nf6 25. a4 Nd5 26. Bd2 Qb6 27. Qe2 Bc5 28.
Qxe5 Bxf2+ 29. Kh1 Be3 30. Bxe3 Qxe3 31. Qxe3 Rxf1+ 32. Rxf1 Nxe3 33. Re1 Rd8
34. Kg1 Rd3 35. Kf2 Nd1+ 36. Ke2 Nxb2 37. Rb1 Rb3 38. Nc3 Rxc3 39. Rxb2 Ra3 40.
Rxb7 Rxa4 41. Ra7 Re4+ 42. Kf3 Re5 43. Kf4 Rf5+ 44. Ke3 Kf8 45. g4 Rb5 46. h4
Rb4 47. Kf3 Ra4 48. h5 Ra1 49. Kf4 a4 50. Ke5 a3 51. Kxe6 Kg8 52. g5 hxg5 53.
Kf5 Kh7 0-1

[Event "2nd Kolkata GM Open 2015"]
[Site "Kolkata IND"]
[Date "2015.03.24"]
[Round "9.19"]
[White "Stany, G.A."]
[Black "Hossain, Enamul"]
[Result "1/2-1/2"]
[WhiteTitle "IM"]
[BlackTitle "GM"]
[WhiteElo "2380"]
[BlackElo "2437"]
[WhiteFideId "5029104"]
[BlackFideId "10200649"]
[EventDate "2015.03.16"]

1. Nf3 Nf6 2. b4 e6 3. a3 b6 4. Bb2 Bb7 5. e3 Be7 6. c4 c5 7. Qb3 Nc6 8. b5 Na5
9. Qc2 a6 10. a4 axb5 11. axb5 d5 12. d3 dxc4 13. dxc4 Be4 14. Qc3 Nxc4 15. Bxc4
Rxa1 16. Bxa1 Bxb1 17. Ne5 Be4 18. f3 Bb7 19. Ke2 O-O 20. Rd1 Qc8 21. Rd7 Bd8
22. e4 Ne8 23. Qd2 Nf6 24. Qc3 h5 25. Rd1 Re8 26. g4 hxg4 27. Nxg4 Kf8 28. Ne5
Re7 29. Rg1 Nh5 30. Qd2 Rc7 31. Qd6+ Re7 32. Qd2 Rc7 33. Qd6+ Re7 1/2-1/2

[Event "2nd Kolkata GM Open 2015"]
[Site "Kolkata IND"]
[Date "2015.03.24"]
[Round "9.20"]
[White "Kostenko, Petr"]
[Black "Roy, Prantik"]
[Result "0-1"]
[WhiteTitle "GM"]
[WhiteElo "2466"]
[BlackElo "2300"]
[WhiteFideId "13700669"]
[BlackFideId "5035120"]
[EventDate "2015.03.16"]

1. c4 Nf6 2. g3 g6 3. Bg2 Bg7 4. Nc3 O-O 5. e4 d6 6. Nge2 Nc6 7. d3 e5 8. O-O
Ne8 9. Be3 f5 10. Qd2 Nf6 11. Nd5 Be6 12. Rac1 Qd7 13. f3 Ne7 14. Bg5 c6 15.
Nxf6+ Bxf6 16. Bxf6 Rxf6 17. f4 fxe4 18. dxe4 Raf8 19. b3 Bg4 20. Nc3 Bh3 21.
Ne2 Bg4 22. Rce1 Bxe2 23. Rxe2 Qe6 24. Ref2 Kg7 25. Qa5 a6 26. a4 R8f7 27. Qb4
exf4 28. gxf4 Qg4 29. c5 d5 30. e5 Re6 31. Qxb7 Nf5 32. Qxa6 Ne3 33. h3 Qg3 34.
Qc8 Ree7 35. Qxc6 Nxf1 36. Rxf1 Qxb3 37. e6 Qe3+ 38. Kh2 Rxe6 39. Qxd5 Rxf4 40.
Ra1 Rd4 41. Qb7+ Re7 42. Qb2 Qe5+ 0-1